| 000 | 00738nam a2200277Ia 4500 | ||
|---|---|---|---|
| 001 | Z_1264 | ||
| 003 | CHAP | ||
| 008 | 220113s1985 xx 000 0 und d | ||
| 010 | _a164352 | ||
| 040 | _cCHAP | ||
| 082 | _a633.2 G73 | ||
| 100 |
_aGraffis, Don W _950199 |
||
| 245 |
_aApproved practices in pasture management / _cby Don W. Graffis, E. M. Juergenson and Malcolm H. McVickar |
||
| 260 |
_aDanville, Ill. : _bThe Interstate Printer, _c1985 |
||
| 300 | _a356 p. ; ilus. | ||
| 440 | _a | ||
| 500 | _a | ||
| 503 | _aC/E | ||
| 650 |
_aPastizales _xManejo I. Juergenson, E.M. II. McVickar, Malcolm H.III.t. _9138499 |
||
| 901 | _a633.2 G73 | ||
| 902 | _aA | ||
| 910 | _a1985 | ||
| 942 | _c1 | ||
| 942 | _cc1 | ||
| 999 |
_c164352 _d164352 |
||